కెనడా ప్రాంతాలు - పటంతో పరీక్ష - Statistics

General Stats
  • This quiz has been taken 11 times
  • The average score is 11 of 13
Answers on the Map
Answers color-coded by a green-red scale on the quiz's map according to % correct below.
 
Answer Stats
Answer % Correct
కొత్త బ్రంస్విక్
100%
అంటారియో
86%
క్యూబెక్
86%
బ్రిటిష్ కొలంబియా
86%
అల్బెర్టా
86%
మానిటోబా
86%
నోవా స్కోషా
86%
ప్రిన్స్ ఎడ్వర్డ్ ద్వీపం
86%
యుకాన్
86%
వాయువ్య భూభాగాలు
86%
నునావుట్
86%
న్యూఫౌండ్లాండ్ -
లాబ్రడార్
86%
సస్కాచెవాన్
71%
No matching quizzes found
Score Distribution
Percent of People with Each Score
Percentile by Number Answered
Your Score History
You have not taken this quiz